Largest Seafood Producing Countries - Statistics

General Stats
  • This quiz has been taken 47 times
  • The average score is 7 of 10
Answer Stats
Metric Tons Country % Correct
63.70 China
95%
1.10 Japan
95%
5.70 India
87%
16.60 Indonesia
87%
3.60 Vietnam
82%
1.30 Norway
74%
1.90 South Korea
67%
2.20 Bangladesh
44%
2.20 Philippines
38%
1.40 Egypt
26%
No matching quizzes found
Score Distribution
Percent of People with Each Score
Percentile by Number Answered
Your Score History
You have not taken this quiz